Pastoral de N. SSmo. Padre Benedicto XIV (Record no. 8388)

MARC details
000 -CABECERA
campo de control de longitud fija 01880nam a2200253 a 4500
001 - NÚMERO DE CONTROL
campo de control BRCA_8736
005 - FECHA Y HORA DE LA ÚLTIMA TRANSACCIÓN
campo de control 20190320210402.0
008 - DATOS DE LONGITUD FIJA--INFORMACIÓN GENERAL
campo de control de longitud fija 220217s1769----sp-#######---#000-0#spa-#
041 ## - CÓDIGO DE LENGUA
Código de lengua del texto/banda sonora o título independiente spa
044 ## - CÓDIGO DEL PAÍS DE LA ENTIDAD EDITORA/PRODUCTORA
Código MARC del país sp
084 ## - OTRO NÚMERO DE CLASIFICACIÓN
Número de clasificación BE93
Número de documento/Ítem .P37 1769
245 10 - MENCIÓN DE TÍTULO
Título Pastoral de N. SSmo. Padre Benedicto XIV
Resto del título de gloriosa memoria, siendo cardenal arzobispo de la Santa Iglesia de Bolonia; e instrucciones eclesiásticas para su diocesi
Mención de responsabilidad, etc. traducidas del toScano por el Rmo. P.M Fr. Juan Facundo Raulin...
260 ## - PUBLICACIÓN, DISTRIBUCIÓN, ETC.
Lugar de publicación, distribución, etc. Madrid
Nombre del editor, distribuidor, etc. En la Oficina de Miguel Escribano
Fecha de publicación, distribución, etc. 1769
300 ## - DESCRIPCIÓN FÍSICA
Extensión [14], 4636 p. (t.2), 4a imp.
Dimensiones 21 x 15 cm.
500 ## - NOTA GENERAL
Nota general Con las licencias necesarias.
500 ## - NOTA GENERAL
Nota general Con marca de fuego: “Procedencia de la marca: Convento de San Francisco Santa María del Pueblito de Querétaro (1). Institución: Orden de Frailes Menores. Provincia de San Pedro y San Pablo de Michoacán. Descripción: Monograma conformado por las iniciales “P”, “u”, “E” seguidas de “b”, “I”, “T” y “o” que se desata como Pueblito (2) dentro de un filete en forma de rombo. Observaciones: Krausse la incluye entre las marcas no identificadas. David Saavedra la identifica como del Convento Franciscano de Santa María del Pueblito, Villa Corregidora de Querétaro. Ubicación de la marca en el libro: Canto superior, canto inferior y canto lateral”
500 ## - NOTA GENERAL
Nota general Estado físico: presenta encuadernación en pergamino con cintas rotas y presencia del pez de plata en su interior
650 14 - PUNTO DE ACCESO ADICIONAL DE MATERIA--TÉRMINO DE MATERIA
Término de materia o nombre geográfico como elemento de entrada Teología pastoral
Subdivisión cronológica Obras anteriores a 1800
Subdivisión geográfica Italia
9 (RLIN) 21747
700 1# - PUNTO DE ACCESO ADICIONAL--NOMBRE DE PERSONA
Nombre de persona Raulín, Juan Facundo
Término indicativo de función/relación tr.
9 (RLIN) 21748
700 1# - PUNTO DE ACCESO ADICIONAL--NOMBRE DE PERSONA
Nombre de persona Escribano, Miguel
Término indicativo de función/relación Impresor
9 (RLIN) 21749
856 ## - LOCALIZACIÓN Y ACCESO ELECTRÓNICOS
Nombre del host http://www.marcasdefuego.buap.mx:8180/xmLibris/projects/firebrand/item.jsp?repository=marcas_de_fuego&key=marcas_de_fuego_franciscanas_20150525130455_95ba.xml&num=122
902 ## - CATALOGADOR
Iniciales CFM
942 ## - ELEMENTOS DE PUNTO DE ACCESO ADICIONAL (KOHA)
Fuente del sistema de clasificación o colocación Library of Congress Classification
Tipo de ítem Koha Libros
Holdings
Estado de retiro Estado de pérdida Estado dañado No para préstamo Localización permanente Ubicación/localización actual Fecha de adquisición Total de préstamos Signatura topográfica completa Código de barras Fecha visto por última vez Precio válido a partir de Tipo de ítem Koha
El ejemplar forma parte de la colección y puede ser consultado según las políticas vigentes.       Biblioteca del Museo Franz Mayer (Rogerio Casas-Alatriste) Biblioteca del Museo Franz Mayer (Rogerio Casas-Alatriste) 22/02/2017   BE93 .P37 1769 CFM00072 22/03/2019 22/03/2019 Libros